How to read the Bible for all its worth / (Record no. 4874)
[ view plain ]
| 000 -LEADER | |
|---|---|
| fixed length control field | 00768cam a22002412 4500 |
| 001 - CONTROL NUMBER | |
| control field | 0000000724 |
| 005 - DATE AND TIME OF LATEST TRANSACTION | |
| control field | 20151217151754.0 |
| 008 - FIXED-LENGTH DATA ELEMENTS--GENERAL INFORMATION | |
| fixed length control field | 070216s xx 000 0 eng d |
| 020 ## - INTERNATIONAL STANDARD BOOK NUMBER | |
| International Standard Book Number | 0862019743 : |
| Terms of availability | KES 990 |
| 040 ## - CATALOGING SOURCE | |
| Original cataloging agency | KABU |
| Transcribing agency | KABU |
| 050 #0 - LIBRARY OF CONGRESS CALL NUMBER | |
| Classification number | BS511.2 |
| Item number | .F44 1993 |
| 100 1# - MAIN ENTRY--PERSONAL NAME | |
| Personal name | Fee, Gordon D. |
| -- | 0000149044 |
| 245 10 - TITLE STATEMENT | |
| Title | How to read the Bible for all its worth / |
| Statement of responsibility, etc. | Gordon D. Fee and Douglas Stuart. |
| 250 ## - EDITION STATEMENT | |
| Edition statement | 2nd ed. |
| 260 ## - PUBLICATION, DISTRIBUTION, ETC. (IMPRINT) | |
| Place of publication, distribution, etc. | Blerchley, England : |
| Name of publisher, distributor, etc. | Scripture Union, |
| Date of publication, distribution, etc. | 1993. |
| 300 ## - PHYSICAL DESCRIPTION | |
| Extent | 266 p. |
| 630 00 - SUBJECT ADDED ENTRY--UNIFORM TITLE | |
| Uniform title | Bible |
| General subdivision | Study and teaching. |
| -- | 0000182503 |
| 700 1# - ADDED ENTRY--PERSONAL NAME | |
| Personal name | Stuart, Douglas. |
| -- | 0000149045 |
| 908 ## - PUT COMMAND PARAMETER (RLIN) | |
| Put command parameter | 070216 |
| 950 ## - LOCAL HOLDINGS (RLIN) | |
| -- | 1 |
| Withdrawn status | Lost status | Source of classification or shelving scheme | Damaged status | Not for loan | Home library | Current library | Date acquired | Total Checkouts | Full call number | Barcode | Date last seen | Date last checked out | Price effective from | Koha item type |
|---|---|---|---|---|---|---|---|---|---|---|---|---|---|---|
| Lost and Paid For | Library of Congress Classification | Kabarak, Main Campus | Kabarak, Main Campus | 17/12/2015 | 1 | BS511.2 .F44 1993 c. 1 | 001456 | 29/05/2023 | 21/01/2022 | 17/12/2015 | General Collection | |||
| Library of Congress Classification | Kabarak, Main Campus | Kabarak, Main Campus | 17/12/2015 | BS511.2 .F44 1993 c. 2 | 001457 | 02/08/2024 | 17/12/2015 | General Collection |